Адаптивное управление линейным динамическим объектом по выходу с некоторым управляющим воздействием; Промышленные АСУ и контроллеры; № 3

Xehetasun bibliografikoak
Parent link:Промышленные АСУ и контроллеры: ежемесячный научно-технический производственный журнал.— , 2002-
№ 3.— 2006.— С. 29-33
Egile nagusia: Цыкунов А. М.
Hizkuntza:errusiera
Argitaratua: 2006
Saila:Математическое обеспечение АСУ
Gaiak:
Formatua: Liburu kapitulua
KOHA link:https://koha.lib.tpu.ru/cgi-bin/koha/opac-detail.pl?biblionumber=400796

MARC

LEADER 00000naa2a2200000 4500
001 400796
005 20231101065436.0
035 |a (RuTPU)RU\TPU\prd\43465 
090 |a 400796 
100 |a 20060515a2006 k y0rusy50 ca 
101 0 |a rus 
102 |a RU 
200 1 |a Адаптивное управление линейным динамическим объектом по выходу с некоторым управляющим воздействием  |f А. М. Цыкунов 
225 1 |a Математическое обеспечение АСУ 
320 |a Библиогр.: 11 назв. 
461 0 |0 (RuTPU)RU\TPU\prd\2287  |t Промышленные АСУ и контроллеры  |o ежемесячный научно-технический производственный журнал  |d 2002- 
463 0 |0 (RuTPU)RU\TPU\prd\42790  |t № 3  |v С. 29-33  |d 2006 
610 1 |a интеллектуальные системы 
610 1 |a линейные динамические объекты 
610 1 |a адаптивное управление 
610 1 |a адаптивные регуляторы 
610 1 |a априорная неопределенность 
610 1 |a параметры 
610 1 |a производные выходные 
610 1 |a переменные выходные 
610 1 |a минимально-фазовый обобщенный объект 
610 1 |a алгоритм настройки 
610 1 |a управляющее воздействие 
610 1 |a скалярный вход 
610 1 |a скалярный выход 
610 1 |a синтез 
610 1 |a векторные величины 
610 1 |a эталонные модели 
610 1 |a адаптивные системы стабилизации 
610 1 |a настраиваемые объекты 
700 1 |a Цыкунов  |b А. М. 
801 1 |a RU  |b 63413507  |c 20060515  |g PSBO 
942 |c BK